[Event "RSA Inter Regional-ch"]
[Site "Boksburg"]
[Date "2018.12.12"]
[Round "7.4"]
[White "Hercules, Benjamin Vincent"]
[Black "Tapera, Uzeni"]
[Result "1-0"]
[WhiteElo "2174"]
[BlackElo "1841"]
[PlyCount "83"]
[EventDate "2018.01.09"]
[EventType "team-swiss"]
[EventRounds "7"]
[EventCountry "RSA"]
[SourceTitle "CBM 189 Extra"]
[Source "ChessBase"]
[SourceDate "2019.06.03"]
[SourceVersion "1"]
[SourceVersionDate "2019.06.03"]
[SourceQuality "1"]
[WhiteTeam "Tshwane"]
[BlackTeam "West Rand Young Minds"]
[WhiteTeamCountry "RSA"]
[BlackTeamCountry "RSA"]

1. d4 Nf6 2. c4 g6 3. Nc3 d5 4. cxd5 Nxd5 5. Na4 Bg7 6. e4 Nb6 7. Be3 0-0 8. Nf3 Bg4 9. Nc5 Bc8 10. Be2 N6d7 11. Qc2 b6 12. Nb3 Bb7 13. Rc1 c6 14. 0-0 Na6 15. Rfd1 Rc8 16. Qb1 h6 17. e5 e6 18. h4 Nb4 19. h5 g5 20. Nbd2 Rc7 21. Ne4 Nd5 22. Bxg5 hxg5 23. Nexg5 f5 24. Nxe6 Qe7 25. Nxf8 Qxf8 26. Nh4 Bh6 27. Rc3 Nxc3 28. bxc3 c5 29. Bc4+ Kg7 30. Nxf5+ Kh8 31. Nd6 Nxe5 32. dxe5 Rg7 33. Nxb7 Rxb7 34. Qg6 Bf4 35. Qf6+ Qxf6 36. exf6 Be5 37. Rd8+ Kh7 38. f7 Bg7 39. f4 b5 40. Bd3+ Kh6 41. Bg6 a5 42. g4 1-0

[Event "RSA Inter Regional-ch"]
[Site "Boksburg"]
[Date "2018.01.10"]
[Round "4.4"]
[White "Tapera, Uzeni"]
[Black "Goldberg, Shmuel"]
[Result "1-0"]
[WhiteElo "1841"]
[BlackElo "1699"]
[PlyCount "99"]
[EventDate "2018.01.09"]
[EventType "team-swiss"]
[EventRounds "7"]
[EventCountry "RSA"]
[SourceTitle "CBM 189 Extra"]
[Source "ChessBase"]
[SourceDate "2019.06.03"]
[SourceVersion "1"]
[SourceVersionDate "2019.06.03"]
[SourceQuality "1"]
[WhiteTeam "West Rand Young Minds"]
[BlackTeam "JHB Metro Lions"]
[WhiteTeamCountry "RSA"]
[BlackTeamCountry "RSA"]

1. e4 e5 2. Nf3 Nc6 3. Bb5 a6 4. Ba4 Nf6 5. 0-0 Be7 6. d3 b5 7. Bb3 d6 8. c3 0-0 9. Re1 Na5 10. Bc2 c5 11. Nbd2 Qc7 12. Nf1 Re8 13. Bd2 Bd7 14. Rc1 c4 15. d4 Rab8 16. b4 exd4 17. bxa5 d3 18. Bb1 d5 19. e5 Ne4 20. Ng3 Nxg3 21. hxg3 Ba3 22. Nd4 Qxa5 23. f4 Bxc1 24. Qxc1 Bg4 25. f5 Qc7 26. Bf4 Qc8 27. f6 Rb6 28. Bg5 Bh5 29. fxg7 Qg4 30. Bf4 Bg6 31. Qa3 Be4 32. Qc5 Rg6 33. Nc6 Kxg7 34. Ne7 Rxe7 35. Qxe7 d2 36. Bxd2 Bxb1 37. Rf1 Bf5 38. Rf3 d4 39. cxd4 Qxd4+ 40. Be3 Qd7 41. Qc5 Be4 42. Bd4 Qe6 43. Rf4 Bb7 44. Qc7 Bc6 45. Rxf7+ Kh6 46. Be3+ Kh5 47. Rf4 Rxg3 48. Qxh7+ Kg5 49. Qh4+ Kg6 50. Qxg3+ 1-0

[Event "RSA Inter Regional-ch"]
[Site "Boksburg"]
[Date "2018.01.10"]
[Round "3.3"]
[White "Tapera, Uzeni"]
[Black "Tinarwo, Shepard"]
[Result "1-0"]
[WhiteElo "1841"]
[BlackElo "1496"]
[PlyCount "97"]
[EventDate "2018.01.09"]
[EventType "team-swiss"]
[EventRounds "7"]
[EventCountry "RSA"]
[SourceTitle "CBM 189 Extra"]
[Source "ChessBase"]
[SourceDate "2019.06.03"]
[SourceVersion "1"]
[SourceVersionDate "2019.06.03"]
[SourceQuality "1"]
[WhiteTeam "West Rand Young Minds"]
[BlackTeam "Ekurhuleni II"]
[WhiteTeamCountry "RSA"]
[BlackTeamCountry "RSA"]

1. e4 d5 2. exd5 Qxd5 3. Nf3 Bg4 4. Be2 Nc6 5. Nc3 Qd6 6. 0-0 Nf6 7. d3 a6 8. Bg5 e6 9. Bh4 0-0-0 10. Ne4 Qf4 11. Bg3 Qf5 12. Nxf6 gxf6 13. a3 h5 14. Nh4 Qg5 15. f3 Bc5+ 16. Kh1 Bf5 17. f4 Qh6 18. Nxf5 exf5 19. Bh4 Nd4 20. Bf3 Rhe8 21. c3 Ne6 22. g3 Be3 23. Bxh5 Nc5 24. d4 Ne4 25. Bxf7 Re7 26. Qh5 Qg7 27. Qxf5+ Kb8 28. Bh5 Rh8 29. Rae1 Nd2 30. Qxf6 Nxf1 31. Qxe7 Qxe7 32. Bxe7 Nxg3+ 33. hxg3 Rxh5+ 34. Kg2 Bd2 35. Rd1 Be3 36. Kf3 Rh2 37. Kxe3 Rxb2 38. Rg1 Kc8 39. g4 Kd7 40. Bf6 Ke6 41. Be5 c6 42. f5+ Kf7 43. g5 Rb3 44. g6+ Ke7 45. Kd3 Rxa3 46. f6+ Ke6 47. g7 b5 48. g8Q+ Kf5 49. Qg4# 1-0

[Event "RSA Inter Regional-ch"]
[Site "Boksburg"]
[Date "2018.01.09"]
[Round "1.4"]
[White "Flores Bartoli, Andrew"]
[Black "Tapera, Uzeni"]
[Result "0-1"]
[WhiteElo "1703"]
[BlackElo "1841"]
[PlyCount "62"]
[EventDate "2018.01.09"]
[EventType "team-swiss"]
[EventRounds "7"]
[EventCountry "RSA"]
[SourceTitle "CBM 189 Extra"]
[Source "ChessBase"]
[SourceDate "2019.06.03"]
[SourceVersion "1"]
[SourceVersionDate "2019.06.03"]
[SourceQuality "1"]
[WhiteTeam "Western Province Stalemates"]
[BlackTeam "West Rand Young Minds"]
[WhiteTeamCountry "RSA"]
[BlackTeamCountry "RSA"]

1. e4 c5 2. Nf3 Nc6 3. Bb5 Qb6 4. Nc3 e6 5. 0-0 a6 6. Bxc6 Qxc6 7. d4 cxd4 8. Nxd4 Qc7 9. Re1 d6 10. Be3 Nf6 11. f3 Be7 12. Qd2 b5 13. a3 0-0 14. Rad1 Rd8 15. Bg5 Bd7 16. Nce2 h6 17. Be3 Rac8 18. c3 d5 19. exd5 Nxd5 20. Kh1 e5 21. Nb3 Be6 22. Nec1 a5 23. Qf2 b4 24. axb4 axb4 25. cxb4 Bxb4 26. Bd2 Qc2 27. Qf1 Qxb2 28. Re2 Nc3 29. Bxc3 Qxc3 30. Nd2 Qa3 31. Qe1 Rc2 0-1

[Event "Pretoria FM-B"]
[Site "Pretoria"]
[Date "2012.04.29"]
[Round "5"]
[White "Tapera, Uzeni"]
[Black "Oberholzer, Francois"]
[Result "0-1"]
[WhiteElo "1949"]
[BlackElo "1810"]
[PlyCount "210"]
[EventDate "2012.04.27"]
[EventType "tourn"]
[EventRounds "9"]
[EventCountry "RSA"]
[SourceTitle "CBM 148 Extra"]
[Source "ChessBase"]
[SourceDate "2012.06.22"]
[SourceVersion "1"]
[SourceVersionDate "2012.06.22"]
[SourceQuality "1"]

1. e4 c5 2. Nf3 Nc6 3. d4 cxd4 4. Nxd4 Nf6 5. Nc3 e5 6. Ndb5 d6 7. Bg5 a6 8. Na3 b5 9. Nd5 Be7 10. Nxe7 Nxe7 11. Bxf6 gxf6 12. Bd3 d5 13. Qf3 f5 14. exd5 e4 15. Bxe4 fxe4 16. Qc3 Rg8 17. 0-0-0 Qd6 18. Qa5 Rb8 19. c4 Bf5 20. g3 Ng6 21. Kb1 Kf8 22. cxb5 axb5 23. Nxb5 Qc5 24. a4 e3+ 25. Ka1 exf2 26. Rhf1 Bh3 27. Rc1 Qe3 28. Qc3 Qxc3 29. Nxc3 Bxf1 30. Rxf1 Rd8 31. Rxf2 Ne7 32. Rd2 Rg6 33. b4 Rgd6 34. Kb2 Nxd5 35. Nb5 R6d7 36. Kb3 Nc7 37. Rxd7 Rxd7 38. Nc3 Ke7 39. Kc4 Ne6 40. a5 Kd6 41. Nd5 Ra7 42. Nc3 Rc7+ 43. Kd3 Rb7 44. Kc4 Rc7+ 45. Kd3 Kc6 46. Ke4 Kb7 47. Nd5 Rc2 48. h4 Rg2 49. Kf3 Rd2 50. Ke4 Rd4+ 51. Ke5 Rg4 52. Kf6 Rxg3 53. Kxf7 Nd8+ 54. Ke7 Nc6+ 55. Kd6 Rg4 56. a6+ Kxa6 57. Kxc6 Rc4+ 58. Kd6 Rxh4 59. Ke6 Kb5 60. Kf6 Rh1 61. Ke5 Kc4 62. Ne3+ Kxb4 63. Kf4 Kc5 64. Nf5 Kd5 65. Ng3 Rh2 66. Kf5 Kd6 67. Kf6 Kd7 68. Ne4 Ke8 69. Kg5 Ke7 70. Ng3 h6+ 71. Kg4 Kf6 72. Nh5+ Kf7 73. Nf4 Kg7 74. Nh5+ Kh7 75. Nf6+ Kg6 76. Nd5 Rg2+ 77. Kh4 Rh2+ 78. Kg3 Ra2 79. Kg4 h5+ 80. Kh4 Ra4+ 81. Kh3 Kg5 82. Kh2 Ra3 83. Nb4 Rb3 84. Nc6 h4 85. Nd4 Rb4 86. Nf3+ Kh5 87. Ne5 Rb3 88. Nc4 Kg5 89. Nd2 Rb2 90. Kh3 Rb4 91. Nf3+ Kh5 92. Nh2 Rb3+ 93. Kg2 h3+ 94. Kf2 Kg5 95. Nf3+ Kf4 96. Nh2 Rb2+ 97. Kg1 Ra2 98. Nf1 Ke4 99. Nh2 Ke3 100. Nf1+ Ke2 101. Ng3+ Kf3 102. Nf5 h2+ 103. Kh1 Kg4 104. Ng3 Kh3 105. Nf1 Rg2 0-1

[Event "Pretoria FM-B"]
[Site "Pretoria"]
[Date "2012.04.27"]
[Round "2"]
[White "Pon, Matt"]
[Black "Tapera, Uzeni"]
[Result "1/2-1/2"]
[WhiteElo "1744"]
[BlackElo "1949"]
[PlyCount "169"]
[EventDate "2012.04.27"]
[EventType "tourn"]
[EventRounds "9"]
[EventCountry "RSA"]
[SourceTitle "CBM 148 Extra"]
[Source "ChessBase"]
[SourceDate "2012.06.22"]
[SourceVersion "1"]
[SourceVersionDate "2012.06.22"]
[SourceQuality "1"]

1. d4 Nf6 2. c4 g6 3. g3 d5 4. cxd5 Nxd5 5. Bg2 Bg7 6. e3 0-0 7. Ne2 c6 8. 0-0 Nd7 9. Nbc3 N7f6 10. e4 Nb6 11. h3 Ne8 12. b3 Nc7 13. Be3 Bd7 14. Qc2 f5 15. f3 Qc8 16. Kh2 Ne6 17. Rad1 Qc7 18. Nf4 Rad8 19. exf5 Rxf5 20. Ne4 Nxf4 21. Bxf4 Qc8 22. Bg5 Nd5 23. Qc1 Be8 24. Rfe1 Bf7 25. g4 Qc7+ 26. Kh1 Rxg5 27. Nxg5 Qg3 28. Nxf7 Kxf7 29. Qc4 Kf8 30. Qe2 Bf6 31. f4 Nxf4 32. Qf3 Qxf3 33. Bxf3 Nxh3 34. Kg2 Nf4+ 35. Kg3 g5 36. Re4 Ng6 37. Kf2 Nf4 38. Kg3 Nd5 39. Rc1 Nb4 40. a3 Nd3 41. Rd1 Nf4 42. Kf2 Kf7 43. Be2 Nxe2 44. Kxe2 Kg6 45. b4 Rd5 46. Rd3 h5 47. gxh5+ Kxh5 48. Rh3+ Kg6 49. Ke3 a5 50. Rh1 axb4 51. axb4 Rb5 52. Rb1 Kf7 53. Kd3 Ke8 54. Kc4 Kd7 55. Rf1 Kd6 56. Rf2 Rd5 57. Rf1 Rb5 58. Rf2 Rb6 59. Ra2 Rb5 60. Rf2 Rd5 61. Rf1 g4 62. Rxg4 Rh5 63. Rf3 Rh1 64. Rff4 b5+ 65. Kd3 Rb1 66. Kc3 Rc1+ 67. Kb2 Rh1 68. Kc3 Rh3+ 69. Kc2 Rh6 70. Rf5 Rh2+ 71. Kc3 Kd7 72. Kb3 Rd2 73. Kc3 Rd1 74. Rf2 Kd6 75. Rff4 Rc1+ 76. Kb2 Rc4 77. Kb3 Kc7 78. Ka3 Kb6 79. Kb3 Kc7 80. Ka3 Kd6 81. Kb3 Ke6 82. Ka3 Rc3+ 83. Kb2 Re3 84. Kc2 Kd5 85. Rf5+ 1/2-1/2